MARC

LEADER 00000nam0a2200000 4500
001 374565
005 20231102012648.0
020 |a RU  |b 86-57201 
035 |a (RuTPU)RU\TPU\retro\31999 
035 |a RU\TPU\book\303957 
090 |a 374565 
100 |a 20221219d1986 k y0rusy5003 ca 
101 0 |a rus 
102 |a UA 
105 |a a z 001zy 
200 1 |a Геология шельфа УССР. Нефтегазоносность  |f Академия наук Украинской ССР (АН УССР), Институт геологических наук (ИГН) ; отв. ред. П. Ф. Шпак 
210 |a Киев  |c Наукова думка  |d 1986 
215 |a 152 с.  |c ил. 
320 |a Библиогр.: с. 149-151 (91 назв.) 
606 1 |a Шельфы  |x Геология  |2 stltpush  |3 (RuTPU)RU\TPU\subj\19144  |9 44446 
610 1 |a нефтегазоносность 
610 1 |a нефтеносные районы 
610 1 |a газоносные районы 
610 1 |a Украина 
610 1 |a углеводороды 
610 1 |a углеводородные залежи 
610 1 |a поисковые работы 
610 1 |a научно-исследовательские работы 
610 1 |a перспектива 
675 |a 551.351.2  |z rus  |v 4 
702 1 |a Шпак  |b П. Ф.  |g Петр Федорович  |4 340 
712 0 2 |a Академия наук Украинской ССР (АН УССР)  |b Институт геологических наук (ИГН)  |c (Киев)  |2 stltpush  |3 (RuTPU)RU\TPU\col\12890 
801 0 |a RU  |b RuMRKP  |c 19960705  |g psbo 
801 1 |a RU  |b 63413507  |c 20150112 
801 2 |a RU  |b 63413507  |c 20221219  |g RCR 
942 |c BK